Contemplation : (Record no. 41926)

MARC details
000 -LEADER
fixed length control field 00803nam a22002177a 4500
005 - DATE AND TIME OF LATEST TRANSACTION
control field 20100814144027.0
010 ## - LCCN (DPL NO)
LC control number ENG-100492
020 ## - INTERNATIONAL STANDARD BOOK NUMBER
Terms of availability 230.00
International Standard Book Number 9788190477345
035 ## - SYSTEM CONTROL NUMBER
System control number EN-84025
037 ## - SOURCE OF ACQUISITION
Source of stock number/acquisition DBAD/PUB
082 ## - DEWEY DECIMAL CLASSIFICATION NUMBER
Classification number 270
100 ## - MAIN ENTRY--PERSONAL NAME
Personal name Badri, Malik
245 ## - TITLE STATEMENT
Title Contemplation :
Statement of responsibility, etc by Malik Badri; translated by Abdul- wahid Lu'Lu'A
Remainder of title an Islamic psychospiritual study /
260 ## - PUBLICATION, DISTRIBUTION, ETC. (IMPRINT)
Place of publication, distribution, etc New Delhi
Name of publisher, distributor, etc Al Ittehad Publications
Date of publication, distribution, etc 2009
270 ## - ADDRESS
Address B-35 (LGF) Nizamuddin West
City New Delhi
Postal code 110013
300 ## - PHYSICAL DESCRIPTION
Extent xv, 136p.
Dimensions 23cm (pbk)
500 ## - GENERAL NOTE
General note includes bibliographical references and index
700 ## - ADDED ENTRY--PERSONAL NAME
Personal name Abdul-Wahid Lu'Lu'A
9 (RLIN) 13414
942 ## - ADDED ENTRY ELEMENTS (KOHA)
Source of classification or shelving scheme Dewey Decimal Classification
Item type English Books
Classification part 270
Call number suffix BAD
Holdings
Withdrawn status Lost status Not for loan Collection code Home library Current library Date acquired Source of acquisition Cost, normal purchase price Full call number Barcode Copy number Cost, replacement price Koha item type
    Not For Loan Non-fiction D.B.Act.Division D.B.Act.Division 14/08/2010 DBAD/PUB 230.00 270 BAD EN-84025 1 230.00 English Books

© Delhi Public Library
Hit Counter
free hit counter